Reflexions sobre el suicidi i la mort / (Record no. 88566)

MARC details
000 -LEADER
campo de control de longitud fija 00671nam a2200193 i 4500
001 - NÚMERO DE CONTROL
campo de control 88566
003 - IDENTIFICADOR DE NÚMERO DE CONTROL
campo de control ES-MaACL
005 - FECHA Y HORA DE LA ÚLTIMA TRANSACCIÓN
campo de control 20230906175901.0
007 - CAMPO FIJO DE DESCRIPCIÓN FÍSICA--INFORMACIÓN GENERAL
campo de control de longitud fija t|
008 - DATOS DE LONGITUD FIJA--INFORMACIÓN GENERAL
campo de control de longitud fija 050105s1966 sp ||||1| cat d
100 1# - ENTRADA PRINCIPAL--NOMBRE DE PERSONA
Nombre de persona Landsberg, Paul Ludwig.
9 (RLIN) 69975
245 10 - MENCIÓN DEL TÍTULO
Título Reflexions sobre el suicidi i la mort /
Mención de responsabilidad, etc. Paul Ludwig Landsberg ; [traductor catalá Ramón Rabassa i Riu ; práoleg Paul Ludwig Landsberg ; vida, obra i mort per Jordi Maragall].
250 ## - MENCION DE EDICION
Mención de edición [1ª ed.].
260 ## - PUBLICACIÓN, DISTRIBUCIÓN, ETC.
Lugar de publicación, distribución, etc. Barcelona :
Nombre del editor, distribuidor, etc. Ariel,
Fecha de publicación, distribución, etc. [1966]
300 ## - DESCRIPCIÓN FÍSICA
Extensión 149 p. ;
Dimensiones 19 cm.
700 1# - ENTRADA AGREGADA--NOMBRE PERSONAL
Nombre de persona Rabassa i Riu, Ramón.
9 (RLIN) 94847
700 1# - ENTRADA AGREGADA--NOMBRE PERSONAL
Nombre de persona Maragall, Jordi.
9 (RLIN) 76292
852 ## - LOCALIZACIÓN
Ubicación ES-MaACL
Número de control de estantería C-29921
Sublocalización o colección R.60189
Holdings
Estatus retirado Estado de pérdida Estado de daño No para préstamo Biblioteca de origen Biblioteca actual Ubicación en estantería Fecha de adquisición Fuente de adquisición Total de préstamos Signatura topográfica completa Código de barras Visto por última vez Precio de reemplazo Tipo de ítem Koha
        Biblioteca del Ateneo de Madrid Biblioteca del Ateneo de Madrid Depósito 2 17/01/2008     C-29921 1092512 23/02/2023 23/02/2023 Libro impreso